000 01319nam a2200337 i 4500
001 768714001
003 CO-MdFUSB
005 20210918063849.0
007 ta
008 200623t2007 sp |||| |||| 00| 0 spa d
020 _a9788484591795
040 _aCO-MdFUSB
_bspa
_cCO-MdFUSB
_dCO-MdFUSBC
_erda
041 _aspa
082 _223
_a323.6071
_bC829
100 _aCortina, Adela.
_eautor
245 1 _aÉtica de la razón cordial
_b: educar en la ciudadanía en el siglo XXI
_c/ Adela Cortina
264 1 _aEspaña :
_bNobel,
_c[2007]
264 4 _c©2007
300 _c270 páginas ;
_a22 cm
336 _2rdacontent
_atexto
_btxt
337 _2rdamedia
_asin mediación
_bn
338 _2rdacarrier
_avolumen
_bnc
490 1 _aColección Jovellanos de ensayo,
500 _aPremio Internacional de Ensayo Jovellanos, 2007
505 _aÉtica mínima como Ethica cordis -- Las fuentes de la obligación moral -- El interés más fuerte -- Los sentimientos sociales -- Autonomía obliga Degustar los valores -- Razones de la razón -- El reconocimiento cordial -- Los principios de una Ethica cordis -- Educar en una ciudadanía cordial -- Epílogo ¡Al agua!
563 _aRústico
650 7 _aÉtica social.
_2
_9186
830 _aColección Jovellanos de ensayo,
_v32
942 _cBK
945 _aDani
999 _c66242
_d66242